Textbook on Indian penal code / (Record no. 150016)

MARC details
000 -LEADER
fixed length control field 01001nam a22002417a 4500
005 - DATE AND TIME OF LATEST TRANSACTION
control field 20180305154728.0
010 ## - LCCN (DPL NO)
LC control number B-689585
020 ## - INTERNATIONAL STANDARD BOOK NUMBER
Terms of availability 695.00
International Standard Book Number 9789351437628
035 ## - SYSTEM CONTROL NUMBER
System control number B-689585
035 ## - SYSTEM CONTROL NUMBER
System control number B-667648
037 ## - SOURCE OF ACQUISITION
Stock number dpl
Source of stock number/acquisition KKP
082 ## - DEWEY DECIMAL CLASSIFICATION NUMBER
Classification number 345.54
100 ## - MAIN ENTRY--PERSONAL NAME
Personal name Gaur, K.D.
245 ## - TITLE STATEMENT
Title Textbook on Indian penal code /
Statement of responsibility, etc by K.D. Gaur
250 ## - EDITION STATEMENT
Edition statement 6th ed
260 ## - PUBLICATION, DISTRIBUTION, ETC. (IMPRINT)
Place of publication, distribution, etc Delhi
Name of publisher, distributor, etc Universal Law Publishing
Date of publication, distribution, etc 2018
270 ## - ADDRESS
Address LexisNexis, 14th Floor, Building No.10, DLF Cyber City, Phase-II
City Gurgaon
Postal code 122002
300 ## - PHYSICAL DESCRIPTION
Extent cxxxvi,1215p.
Dimensions 21cm(pbk)
505 ## - FORMATTED CONTENTS NOTE
Formatted contents note (Rashtrapati Bhawan)
942 ## - ADDED ENTRY ELEMENTS (KOHA)
Source of classification or shelving scheme Dewey Decimal Classification
Item type English Books
Call number suffix GAU
Classification part 345.54
Holdings
Withdrawn status Lost status Not for loan Collection code Home library Current library Date acquired Source of acquisition Cost, normal purchase price Full call number Barcode Copy number Cost, replacement price Koha item type
      Non-fiction Ashok Vihar Ashok Vihar 05/03/2018 KKP/276/24.2.2017/458/15.2.2017/17.3.2017 695.00 345.54 GAU B-667648 1 695.00 English Books
      Non-fiction Mobile Library Mobile Library 19/02/2018 KKP/BL-61/14.2.2018/EN/SPL/2017-18/769/10.2.2018/16.2.2018 695.00 345.54 GAU B-689585 1 695.00 English Books

© Delhi Public Library
Hit Counter
free hit counter